000 00710nam a22002297a 4500
999 _c33526
_d33526
001 2777
003 CO-MdFUSB
005 20180622073123.0
008 171122s1933 enk||||| |||| 00| 0 eng d
040 _aCO-MdFUSB
_bspa
_cCO-MdFUSB
_dCO-MdFUSBC
_erda
041 0 _aeng
082 0 4 _aG 226.42 M8471g
100 1 _aMorgan, G. Campbell (George) (1863-1945)
_eautor
245 4 _aThe gospel according to John
_c / G. Campbell Morgan
264 1 _aLondon, Great Britain :
_bMarshall, Morgan & Scott,
_c[1933]
300 _a333 Pag
336 _2rdacontent
_atexto
_btxt
337 _2rdamedia
_asin mediación
_bn
338 _2rdacarrier
_avolumen
_bnc
653 _aBiblia N.T. - Juan - Comentarios
942 _cBK